|
|
|
|
| LEADER |
01148nam a22002537a 4500 |
| 001 |
42137 |
| 003 |
BD-DhAAL |
| 008 |
240211t2006 bg ||||| |||| 00| 0 ben d |
| 020 |
|
|
|a 9848514325
|
| 040 |
|
|
|a BD-DhAAL
|c BD-DhAAL
|
| 041 |
|
|
|a ben
|
| 082 |
|
|
|a 954.9205092
|2 23
|
| 100 |
|
|
|a চৌধুরী, এ. কিউ. এম. বদরুদ্দোজা.
|9 55998
|
| 245 |
|
|
|a দুঃখসুখের ছেলেবেলা /
|c এ. কিউ. এম. বদরুদ্দোজা চৌধুরী.
|
| 246 |
|
|
|a Dukkhoshukher chelebela
|
| 264 |
|
|
|a ঢাকা
|b নির্বাচিতা প্রকাশন,
|c ২০০৬.
|
| 300 |
|
|
|a ১৯৯ পৃষ্ঠা ;
|c ২২ সে.মি.
|
| 541 |
|
|
|a Donated by Rebecca Dipa Khan
|e 42137
|
| 650 |
|
|
|a Politicians
|z Bangladesh
|v Biography.
|
| 650 |
|
|
|a Ex-presidents
|z Bangladesh
|v Biography.
|
| 852 |
|
|
|a Ayesha Abed Library
|c General Stacks
|
| 942 |
|
|
|2 ddc
|c BK
|
| 999 |
|
|
|c 46396
|d 46396
|
| 952 |
|
|
|0 0
|1 0
|2 ddc
|4 0
|6 954_920509200000000_CHO
|7 0
|9 75131
|a BRACUL
|b BRACUL
|c GEN
|d 2024-02-11
|e Donated By Rebecca Dipa Khan
|g 150.00
|l 0
|o 954.9205092 CHO
|p 3010042137
|r 2024-02-11
|t 1
|w 2024-02-11
|y BK
|